[Event "ch-GBR KO 2018"]
[Site "London ENG"]
[Date "2018.12.09"]
[Round "2.4"]
[White "Haria, Ravi"]
[Black "Howell, David W L"]
[Result "0-1"]
[WhiteTitle "IM"]
[BlackTitle "GM"]
[WhiteElo "2441"]
[BlackElo "2696"]
[WhiteFideId "415820"]
[BlackFideId "410608"]
[EventDate "2018.12.11"]

1. Nf3 d5 2. g3 g6 3. Bg2 Bg7 4. d4 Nf6 5. O-O O-O 6. Nbd2 a5 7. c4 c6 8. b3 Bf5
9. Bb2 Ne4 10. Nh4 Nxd2 11. Qxd2 Be6 12. e4 dxe4 13. Bxe4 a4 14. Rad1 axb3 15.
axb3 Bg4 16. f3 Bh3 17. Rfe1 Nd7 18. Bb1 e6 19. Ng2 Bxg2 20. Kxg2 Qb6 21. Qe3
Qb4 22. h4 b5 23. Rc1 bxc4 24. Rxc4 Qb5 25. Rec1 Nb6 26. Rc5 Nd5 27. Qd2 Qxb3
28. Rxc6 Rfb8 29. Kh3 Qxf3 30. Re1 Rb3 31. Rg1 Rab8 0-1

[Event "ch-GBR KO 2018"]
[Site "London ENG"]
[Date "2018.12.11"]
[Round "3.1"]
[White "McShane, Luke J"]
[Black "Adams, Michael"]
[Result "1/2-1/2"]
[WhiteTitle "GM"]
[BlackTitle "GM"]
[WhiteElo "2664"]
[BlackElo "2703"]
[WhiteFideId "404853"]
[BlackFideId "400041"]
[EventDate "2018.12.11"]

1. e4 e5 2. Nf3 Nc6 3. Bc4 Bc5 4. d3 Nf6 5. O-O O-O 6. Re1 d6 7. c3 a6 8. a4 Ba7
9. Nbd2 Ng4 10. Re2 Kh8 11. h3 f5 12. d4 Nh6 13. Bd5 exd4 14. cxd4 fxe4 15. Nxe4
Bxh3 16. Neg5 Bf5 17. Ne6 Bxe6 18. Rxe6 Ng8 19. Bxc6 bxc6 20. Ra3 Qd7 21. Rae3
Rf6 22. Qe2 Rxe6 23. Rxe6 a5 24. Ng5 h6 25. Qf3 Nf6 26. Rxf6 gxf6 27. Qxf6+ Qg7
28. Nf7+ Kh7 29. Qf5+ Qg6 30. Qd7 Bxd4 31. Ne5+ Qg7 32. Qf5+ Kg8 33. Qe6+ Kh7
34. Qf5+ Kg8 1/2-1/2

[Event "ch-GBR KO 2018"]
[Site "London ENG"]
[Date "2018.12.11"]
[Round "3.1"]
[White "Howell, David W L"]
[Black "Jones, Gawain C B"]
[Result "1/2-1/2"]
[WhiteTitle "GM"]
[BlackTitle "GM"]
[WhiteElo "2696"]
[BlackElo "2682"]
[WhiteFideId "410608"]
[BlackFideId "409561"]
[EventDate "2018.12.11"]

1. d4 Nf6 2. Nf3 g6 3. c4 Bg7 4. g3 c6 5. Bg2 d5 6. cxd5 cxd5 7. Ne5 O-O 8. Nc3
Bf5 9. O-O Ne4 10. Bf4 Nxc3 11. bxc3 Nc6 12. Qb3 e6 13. Qxb7 Nxe5 14. Bxe5 Bxe5
15. dxe5 Qa5 16. Qb4 Qxb4 17. cxb4 Rfb8 18. a3 a5 19. bxa5 Rxa5 20. f4 Rb2 21.
Rf2 Be4 22. e3 Rb3 23. Bxe4 dxe4 24. Re2 Raxa3 25. Rxa3 Rxa3 26. Kf2 h6 27. h4
h5 28. Rd2 Kg7 29. Rd4 Ra2+ 30. Kf1 Ra1+ 31. Kg2 Ra2+ 32. Kh3 Re2 33. Rxe4 Kh7
34. g4 hxg4+ 35. Kxg4 Kh6 36. Kf3 Rh2 37. Kg3 Re2 38. Kf3 Rh2 39. Kg4 Re2 40.
Kg3 Re1 41. Kf3 Rh1 42. Kg3 Re1 43. Kf2 Rh1 44. Kg3 1/2-1/2

[Event "ch-GBR KO 2018"]
[Site "London ENG"]
[Date "2018.12.12"]
[Round "3.2"]
[White "Adams, Michael"]
[Black "McShane, Luke J"]
[Result "1/2-1/2"]
[WhiteTitle "GM"]
[BlackTitle "GM"]
[WhiteElo "2703"]
[BlackElo "2664"]
[WhiteFideId "400041"]
[BlackFideId "404853"]
[EventDate "2018.12.11"]

1. e4 e6 2. d4 d5 3. Nd2 c5 4. exd5 Qxd5 5. Ngf3 cxd4 6. Bc4 Qd7 7. Nb3 Nc6 8.
Nbxd4 Nxd4 9. Nxd4 a6 10. Bf4 Nf6 11. O-O b5 12. Bb3 Bb7 13. Re1 Be7 14. c3 Nd5
15. Be5 O-O 16. Qg4 g6 17. Rad1 Rad8 18. h4 Bd6 19. h5 Qe8 20. hxg6 hxg6 21.
Bxd5 Bxd5 22. Bf6 Be7 23. Qh4 Bxf6 24. Qxf6 Rd7 25. Nf5 exf5 26. Rxe8 Rxe8 27.
Rd3 Re6 28. Qg5 Bc6 29. Rh3 Kf8 30. Kh2 Rdd6 31. Rh8+ Kg7 32. Qh6+ Kf6 33. Qh4+
Kg7 34. Rh7+ Kf8 35. Qh6+ Ke7 36. Qg5+ Kf8 37. Qh6+ Ke7 38. Qf4 Be8 39. Rh8 Kd7
40. f3 Ke7 41. Kg3 Kd7 42. a4 Kc7 43. a5 Kc6 44. Kf2 Rd8 45. Rh4 Kb7 46. Qg5 Rd7
47. Rd4 Rde7 48. Rd2 Kc7 49. Qf4+ Kc8 50. Qd4 Rd7 51. Qc5+ Kb7 52. Rd4 Rc7 53.
Qb4 Kc8 54. Qb3 Bd7 55. Qd5 Kd8 56. Rh4 Ke7 57. Rh7 Rcc6 58. Qd4 Rc4 59. Qd2 Be8
60. Qg5+ Kd7 61. Rh1 Rcc6 62. Rd1+ Rcd6 63. Rd4 Kc8 64. Qd2 Kc7 65. Kg3 Kd7 66.
Kf4 Ke7 67. Kg5 Rc6 68. Kh6 Kf8 69. b3 f6 70. Rd8 Re7 71. Qd4 Rce6 72. Rxe8+
Kxe8 73. Kxg6 Rc6 74. Qd5 Ree6 75. f4 Red6 76. Qf3 Kd7 77. Kxf5 Rc5+ 78. Kg6
Rdc6 79. Qh3+ Kc7 80. Qh7+ Kb8 81. Qg8+ Kb7 82. Qf7+ Rc7 83. Qe6 R7c6 84. Qd7+
Rc7 85. Qd6 1/2-1/2

[Event "ch-GBR KO 2018"]
[Site "London ENG"]
[Date "2018.12.13"]
[Round "3.3"]
[White "Adams, Michael"]
[Black "McShane, Luke J"]
[Result "0-1"]
[WhiteTitle "GM"]
[BlackTitle "GM"]
[WhiteElo "2703"]
[BlackElo "2664"]
[WhiteFideId "400041"]
[BlackFideId "404853"]
[EventDate "2018.12.11"]

1. e4 e5 2. Nf3 Nc6 3. Bb5 Nf6 4. O-O Nxe4 5. d4 Nd6 6. Bxc6 dxc6 7. dxe5 Nf5 8.
Qxd8+ Kxd8 9. h3 Bd7 10. Rd1 Kc8 11. g4 Ne7 12. Ng5 Be8 13. f4 h6 14. Nf3 f5 15.
Kg2 Bd7 16. Kg3 fxg4 17. hxg4 h5 18. gxh5 Rxh5 19. Nc3 Rh3+ 20. Kg2 Bg4 21. Rd3
Nf5 22. Ng1 Nh4+ 23. Kf1 Rh1 24. Be3 Bf5 25. Rd2 Be7 26. Kf2 Bxc2 27. Nce2 Rh2+
28. Kf1 Nf5 29. Bf2 Be4 30. Nc3 Bg2+ 31. Ke2 b6 32. Nf3 Rh3 33. Ne1 Rh1 34. Rad1
Bf1+ 35. Kf3 Kb7 36. Ng2 Rh3+ 37. Kg4 Bxg2 38. Kxf5 Bf3 39. Rd3 Rf8+ 40. Ke6 Bb4
41. Rg1 Rh6+ 42. Kd7 Bh5 43. Rxg7 Be8+ 44. Kd8 Bf7+ 45. Kd7 Be6# 0-1

[Event "ch-GBR KO 2018"]
[Site "London ENG"]
[Date "2018.12.13"]
[Round "3.3"]
[White "Jones, Gawain C B"]
[Black "Howell, David W L"]
[Result "0-1"]
[WhiteTitle "GM"]
[BlackTitle "GM"]
[WhiteElo "2682"]
[BlackElo "2696"]
[WhiteFideId "409561"]
[BlackFideId "410608"]
[EventDate "2018.12.11"]

1. e4 c6 2. d4 d5 3. Nc3 dxe4 4. Nxe4 Nf6 5. Nxf6+ exf6 6. Bc4 Bd6 7. Qe2+ Be7
8. Be3 Na6 9. Nf3 O-O 10. O-O Nc7 11. Bb3 Nd5 12. Rfe1 Be6 13. c4 Nxe3 14. Qxe3
Bb4 15. Red1 Re8 16. Qd3 Qd7 17. Ba4 Bf5 18. Qb3 Bf8 19. d5 Qc7 20. h3 Bc5 21.
Nd4 Be4 22. Qc3 Qb6 23. a3 a5 24. Rd2 Re5 25. Nf3 Rf5 26. Bc2 cxd5 27. cxd5 Rf4
28. Bxe4 Rxe4 29. Qd3 Re7 30. Rc1 Qd6 31. Rdc2 b6 32. Kh1 g6 33. Qb5 a4 34. Rd2
Kg7 35. g3 Re4 36. Kg2 Rae8 37. Rc4 Rxc4 38. Qxc4 Qd7 39. Qd3 Rd8 40. Qc4 h5 41.
Qf4 b5 42. Qe4 Re8 43. Qc2 Rc8 44. Qd3 Rd8 45. Qc3 Rc8 46. Qd3 Rd8 47. Qc3 Qd6
48. Rc2 Rc8 49. Qd3 Rb8 50. Qc3 Rc8 51. Qd3 Rb8 52. Nd2 Ba7 53. Ne4 Qe5 54. Nc3
b4 55. Re2 Qd4 56. Qxd4 Bxd4 57. axb4 a3 58. d6 axb2 59. Nb1 Rd8 60. Rd2 Rxd6
61. b5 Kf8 62. b6 Be5 63. Rxd6 Bxd6 64. Kf3 f5 65. Ke2 Ke7 66. Kd3 Kd7 67. Kc2
Bc5 68. f3 Bxb6 69. Kxb2 Bf2 70. g4 fxg4 71. fxg4 hxg4 72. hxg4 Ke6 73. Nd2 Ke5
74. Kc2 Kf4 75. Nc4 f6 76. Kd3 Kxg4 77. Ke2 Bc5 78. Nd2 Kf4 79. Nb3 Bb6 80. Nc1
g5 81. Nd3+ Ke4 82. Nb2 g4 83. Nc4 Bc5 84. Kf1 f5 85. Kg2 f4 86. Nd2+ Kf5 87.
Nf1 f3+ 88. Kh1 Kf4 89. Ng3 Bd6 90. Nh5+ Kg5 91. Ng7 g3 92. Ne6+ Kg4 93. Kg1 Bb8
94. Nd4 Ba7 95. Kh1 Kh3 96. Nxf3 g2# 0-1

[Event "ch-GBR KO 2018"]
[Site "London ENG"]
[Date "2018.12.13"]
[Round "3.4"]
[White "McShane, Luke J"]
[Black "Adams, Michael"]
[Result "1-0"]
[WhiteTitle "GM"]
[BlackTitle "GM"]
[WhiteElo "2664"]
[BlackElo "2703"]
[WhiteFideId "404853"]
[BlackFideId "400041"]
[EventDate "2018.12.11"]

1. e4 e5 2. Nf3 Nc6 3. Bb5 a6 4. Ba4 Nf6 5. O-O Be7 6. Bxc6 dxc6 7. d3 Nd7 8.
Nc3 O-O 9. Kh1 Re8 10. Be3 Bd6 11. Nd2 Nf8 12. f4 exf4 13. Bxf4 Ng6 14. Be3 Qh4
15. Bg1 Bg4 16. Qe1 Qxe1 17. Raxe1 b6 18. Nc4 Bf8 19. Ne3 Be6 20. h3 Rad8 21.
Bh2 Rd7 22. g4 f6 23. Bg3 Ne5 24. Kg2 h6 25. Rd1 Bf7 26. b3 c5 27. Ncd5 b5 28.
Rxf6 c6 29. Rf5 cxd5 30. Rxe5 Rxe5 31. Bxe5 dxe4 32. dxe4 Re7 33. Bd6 Rxe4 34.
Kf3 Re6 35. Bxf8 Kxf8 36. Nf5 Bg6 37. Rd5 Rc6 38. c4 bxc4 39. bxc4 Bxf5 40. gxf5
Ke7 41. Kf4 Rb6 42. Rxc5 Rb2 43. Rc7+ Kf8 44. a4 Ra2 45. Ke5 Rxa4 46. Ke6 Kg8
47. Rc8+ Kh7 48. c5 Rh4 49. c6 Rxh3 50. Ra8 Rc3 51. Kd6 Rd3+ 52. Kc5 Rc3+ 53.
Kb6 h5 54. c7 Kh6 55. c8=Q Rxc8 56. Rxc8 Kg5 57. Kc5 Kxf5 58. Kd4 Kf4 59. Rf8+
Kg3 60. Ke3 h4 61. Rg8 h3 62. Rxg7+ Kh2 63. Kf2 Kh1 64. Rg1+ Kh2 65. Ra1 1-0

[Event "ch-GBR KO 2018"]
[Site "London ENG"]
[Date "2018.12.13"]
[Round "3.4"]
[White "Howell, David W L"]
[Black "Jones, Gawain C B"]
[Result "1/2-1/2"]
[WhiteTitle "GM"]
[BlackTitle "GM"]
[WhiteElo "2696"]
[BlackElo "2682"]
[WhiteFideId "410608"]
[BlackFideId "409561"]
[EventDate "2018.12.11"]

1. Nf3 Nf6 2. g3 g6 3. b3 Bg7 4. Bb2 O-O 5. Bg2 d6 6. d4 c5 7. c4 d5 8. dxc5
dxc4 9. O-O Na6 10. Nbd2 Nxc5 11. Nxc4 Be6 12. Rc1 Bh6 13. Ra1 Rc8 14. Nfe5 Qc7
15. e3 Rfd8 16. Qe2 Bd5 17. Rfd1 Bxg2 18. Kxg2 Bg7 19. Rac1 Rxd1 20. Rxd1 Nfd7
21. Nxd7 Nxd7 22. Bxg7 Kxg7 23. Qb2+ Nf6 24. a4 Rd8 25. Rxd8 1/2-1/2

[Event "ch-GBR KO 2018"]
[Site "London ENG"]
[Date "2018.12.13"]
[Round "3.8"]
[White "McShane, Luke J"]
[Black "Adams, Michael"]
[Result "1-0"]
[WhiteTitle "GM"]
[BlackTitle "GM"]
[WhiteElo "2664"]
[BlackElo "2703"]
[WhiteFideId "404853"]
[BlackFideId "400041"]
[EventDate "2018.12.11"]

1. e4 e5 2. Nf3 Nc6 3. Bb5 a6 4. Ba4 Nf6 5. O-O b5 6. Bb3 Bc5 7. c3 d6 8. a4 b4
9. d4 Ba7 10. h3 O-O 11. Be3 Bb7 12. Nbd2 bxc3 13. bxc3 exd4 14. cxd4 h6 15. a5
Nb4 16. Qb1 Rb8 17. e5 Nfd5 18. Qf5 Nxe3 19. fxe3 Bd5 20. Bxd5 Nxd5 21. Qd3 dxe5
22. Nxe5 Nxe3 23. Nc6 Qd5 24. Ne7+ Kh8 25. Nxd5 Nxd5 26. Nf3 c5 27. Qxa6 Ra8 28.
Ne5 Kg8 29. Nxf7 1-0

[Event "ch-GBR KO 2018"]
[Site "London ENG"]
[Date "2018.12.13"]
[Round "3.8"]
[White "Howell, David W L"]
[Black "Jones, Gawain C B"]
[Result "1/2-1/2"]
[WhiteTitle "GM"]
[BlackTitle "GM"]
[WhiteElo "2696"]
[BlackElo "2682"]
[WhiteFideId "410608"]
[BlackFideId "409561"]
[EventDate "2018.12.11"]

1. c4 g6 2. Nf3 Bg7 3. d4 Nf6 4. g3 O-O 5. Bg2 c5 6. Nc3 d6 7. O-O Nc6 8. dxc5
dxc5 9. Bf4 Nh5 10. Be3 Nd4 11. Qc1 Be6 12. b3 Qa5 13. Bxd4 cxd4 14. Nb5 Rad8
15. Qe1 Qxe1 16. Raxe1 a6 17. Nc7 Bc8 18. Nd5 Rfe8 19. Rd1 e6 20. Nb6 e5 21.
Nxc8 Rxc8 22. Nd2 Rc7 23. e3 dxe3 24. fxe3 Nf6 25. Ne4 Nxe4 26. Bxe4 Bh6 27. Kf2
Kg7 28. g4 b5 29. Bd5 Bg5 30. Ke2 Ree7 31. Rc1 b4 32. a3 bxa3 33. Ra1 Re8 34.
Rxa3 Rb8 35. Kd3 Rb6 36. h3 Bf6 37. Kc2 Bg5 38. Kd3 Bf6 39. Kc2 Bg5 40. e4 Be3
41. Rfa1 Ra7 42. Ra5 Bd4 43. R1a2 Rf6 44. c5 Rf2+ 45. Kb1 Rf1+ 46. Kc2 Rf2+ 47.
Kb1 Rf1+ 1/2-1/2

[Event "ch-GBR KO 2018"]
[Site "London ENG"]
[Date "2018.12.15"]
[Round "4.1"]
[White "McShane, Luke J"]
[Black "Jones, Gawain C B"]
[Result "1/2-1/2"]
[WhiteTitle "GM"]
[BlackTitle "GM"]
[WhiteElo "2664"]
[BlackElo "2682"]
[WhiteFideId "404853"]
[BlackFideId "409561"]
[EventDate "2018.12.11"]

1. e4 e5 2. Nf3 Nc6 3. Bc4 Bc5 4. d3 Nf6 5. O-O d6 6. c3 a6 7. Bb3 h6 8. Nbd2
O-O 9. Re1 Re8 10. Nf1 Ba7 11. Ng3 Be6 12. Bxe6 Rxe6 13. d4 d5 14. Nxe5 Nxe5 15.
dxe5 Nxe4 16. Nxe4 dxe4 17. Bf4 Qxd1 18. Raxd1 g5 19. Bg3 Rf8 20. h3 h5 21. Rxe4
f5 22. Re2 f4 23. Bh2 Bb6 24. Kf1 h4 25. Bg1 Rfe8 26. f3 Bxg1 27. Kxg1 Kf7 28.
Rd5 Kg6 29. Kf2 Kf5 30. Rd7 R8e7 31. Rxe7 Rxe7 32. Ke1 Rxe5 33. Rxe5+ Kxe5 34.
Kd2 c5 35. Kd3 Kd5 36. c4+ Ke5 37. Kc3 b6 38. Kd3 Kf5 39. Kc3 Ke5 40. Kd3 1/2-1/2

[Event "ch-GBR KO 2018"]
[Site "London ENG"]
[Date "2018.12.15"]
[Round "4.1"]
[White "Adams, Michael"]
[Black "Howell, David W L"]
[Result "1/2-1/2"]
[WhiteTitle "GM"]
[BlackTitle "GM"]
[WhiteElo "2703"]
[BlackElo "2696"]
[WhiteFideId "400041"]
[BlackFideId "410608"]
[EventDate "2018.12.11"]

1. e4 c6 2. Nf3 d5 3. Nc3 dxe4 4. Nxe4 Nf6 5. Qe2 Nxe4 6. Qxe4 Qa5 7. Bd3 Na6 8.
Qe5 Qxe5+ 9. Nxe5 Nb4 10. Be4 f6 11. c3 Nd5 12. Nf3 a5 13. d4 a4 14. Bd2 Be6 15.
O-O Kd7 16. c4 Nc7 17. Rac1 Bf7 18. Bf4 e6 19. Rfd1 Be7 20. d5 exd5 21. Bf5+ Kd8
22. Nd4 g6 23. Bg4 f5 24. Bf3 Rc8 25. g4 fxg4 26. Bxg4 Bf6 27. Bxc8 Kxc8 28. Nb5
Nxb5 29. cxb5 Kd7 30. Rc4 Ra8 31. bxc6+ bxc6 32. Rb4 Kc8 33. Rb6 Be8 34. Re1 Bd7
35. Rc1 Bd8 36. Rb5 Bf6 37. Rxd5 Bxb2 38. Rc2 a3 39. Be5 Ra4 40. Rdc5 Rb4 41.
Rd2 1/2-1/2

[Event "ch-GBR KO 2018"]
[Site "London ENG"]
[Date "2018.12.16"]
[Round "4.2"]
[White "Jones, Gawain C B"]
[Black "McShane, Luke J"]
[Result "1-0"]
[WhiteTitle "GM"]
[BlackTitle "GM"]
[WhiteElo "2682"]
[BlackElo "2664"]
[WhiteFideId "409561"]
[BlackFideId "404853"]
[EventDate "2018.12.11"]

1. e4 e6 2. d4 d5 3. Nd2 c5 4. Ngf3 cxd4 5. exd5 Qxd5 6. Bc4 Qd7 7. O-O Nc6 8.
Nb3 a6 9. a4 Nf6 10. Qe2 Bd6 11. Rd1 e5 12. Nbxd4 O-O 13. Nxc6 Qxc6 14. Bg5 Bc7
15. Bxf6 Qxf6 16. Bd5 Rb8 17. h3 Qe7 18. Re1 Re8 19. Qc4 b5 20. axb5 Rxb5 21.
Rad1 Rc5 22. Qd3 g6 23. c4 a5 24. Qa3 Bd6 25. Bxf7+ Qxf7 26. Rxd6 Qxc4 27. Nd2
Qb4 28. Qxb4 axb4 29. Ne4 1-0

[Event "ch-GBR KO 2018"]
[Site "London ENG"]
[Date "2018.12.16"]
[Round "4.2"]
[White "Howell, David W L"]
[Black "Adams, Michael"]
[Result "1/2-1/2"]
[WhiteTitle "GM"]
[BlackTitle "GM"]
[WhiteElo "2696"]
[BlackElo "2703"]
[WhiteFideId "410608"]
[BlackFideId "400041"]
[EventDate "2018.12.11"]

1. e4 e5 2. Nf3 Nc6 3. Bb5 a6 4. Ba4 Nf6 5. O-O Be7 6. Re1 b5 7. Bb3 O-O 8. a4
b4 9. d3 d6 10. a5 Be6 11. Bxe6 fxe6 12. Nbd2 d5 13. c3 Bc5 14. Nb3 Ba7 15. Be3
bxc3 16. bxc3 dxe4 17. dxe4 Qxd1 18. Raxd1 Rab8 19. Nc5 Bxc5 20. Bxc5 Rfd8 21.
Rxd8+ Rxd8 22. Kf1 h6 23. Bb4 Kf7 24. h4 Ke8 25. Ke2 Nxe4 26. Kf1 Nd2+ 27. Nxd2
Rxd2 28. Re4 h5 29. Re3 Rd5 30. Rg3 Kf7 31. Rf3+ Kg6 32. Rg3+ Kh7 33. Rf3 Nxb4
34. cxb4 c5 35. bxc5 Rxc5 36. Ra3 Kg6 37. Rg3+ Kh6 38. Ra3 Rc4 39. Rb3 Rc5 40.
Rb6 Rxa5 41. Rxe6+ Kh7 42. Ke2 Kg8 43. Re7 Kh7 44. Re6 Kg8 45. Re7 Kf8 46. Rc7
Ra4 1/2-1/2

[Event "ch-GBR KO 2018"]
[Site "London ENG"]
[Date "2018.12.17"]
[Round "4.3"]
[White "Jones, Gawain C B"]
[Black "McShane, Luke J"]
[Result "1-0"]
[WhiteTitle "GM"]
[BlackTitle "GM"]
[WhiteElo "2682"]
[BlackElo "2664"]
[WhiteFideId "409561"]
[BlackFideId "404853"]
[EventDate "2018.12.11"]

1. e4 e5 2. Nf3 Nc6 3. Bc4 Nf6 4. d3 Be7 5. O-O d6 6. a4 O-O 7. Re1 Be6 8. Na3
Qd7 9. c3 Rae8 10. Bxe6 fxe6 11. Nc4 Kh8 12. h3 Bd8 13. Be3 a6 14. b4 Ne7 15.
Rb1 b5 16. axb5 axb5 17. Ncd2 Ng6 18. Ra1 Nh5 19. g3 Ngf4 20. gxf4 exf4 21. Ba7
e5 22. Kh2 Re6 23. Rg1 Rh6 24. Qf1 Nf6 25. Qg2 Rg8 26. d4 Rh5 27. dxe5 dxe5 28.
Rad1 Qe8 29. Kh1 Qe6 30. Nh2 Be7 31. Ndf3 Nxe4 32. Rde1 Nf6 33. Ng5 Qc4 34. Nhf3
Bd6 35. Nxe5 Bxe5 36. Rxe5 h6 37. Nf3 Qxc3 38. Bd4 Qd3 39. Rxh5 Nxh5 40. Qg4 c5
41. bxc5 1-0

[Event "ch-GBR KO 2018"]
[Site "London ENG"]
[Date "2018.12.17"]
[Round "4.3"]
[White "Howell, David W L"]
[Black "Adams, Michael"]
[Result "1/2-1/2"]
[WhiteTitle "GM"]
[BlackTitle "GM"]
[WhiteElo "2696"]
[BlackElo "2703"]
[WhiteFideId "410608"]
[BlackFideId "400041"]
[EventDate "2018.12.11"]

1. Nf3 d5 2. g3 Bg4 3. Bg2 c6 4. O-O e6 5. h3 Bh5 6. d3 Bd6 7. c4 Ne7 8. Nc3 O-O
9. cxd5 cxd5 10. a3 Nd7 11. Bd2 Rc8 12. Rc1 Qb6 13. b4 Nc6 14. g4 Bg6 15. Nh4
Qd8 16. Nxg6 hxg6 17. e3 Nde5 18. Qe2 g5 19. h4 gxh4 20. f4 Ng6 21. d4 Bb8 22.
Na4 b6 23. Nb2 Qd6 24. b5 Nce7 25. Nd3 Rxc1 26. Rxc1 Rc8 27. Rxc8+ Nxc8 28. Nb4
Qd7 29. a4 Bd6 30. Be1 Bxb4 31. Bxb4 Nd6 32. Qc2 Nc4 33. Kf2 Qc7 34. Qc1 Nf8 35.
g5 Ng6 36. Bf1 Qc8 37. Bh3 a6 38. bxa6 Qxa6 39. Qc2 Qc8 40. Bg4 Qe8 41. Be2 Qc6
42. Bf1 Nf8 43. Bd3 g6 44. Kf3 Nd7 45. Be1 b5 1/2-1/2

[Event "ch-GBR KO 2018"]
[Site "London ENG"]
[Date "2018.12.17"]
[Round "4.4"]
[White "McShane, Luke J"]
[Black "Jones, Gawain C B"]
[Result "0-1"]
[WhiteTitle "GM"]
[BlackTitle "GM"]
[WhiteElo "2664"]
[BlackElo "2682"]
[WhiteFideId "404853"]
[BlackFideId "409561"]
[EventDate "2018.12.11"]

1. b3 e5 2. Bb2 Nc6 3. e3 g6 4. c4 Bg7 5. Nc3 Nf6 6. Nf3 O-O 7. a3 e4 8. Ng1 d5
9. cxd5 Nxd5 10. Qc2 Nxc3 11. Bxc3 Ne5 12. Rc1 Bf5 13. h3 Re8 14. g4 Nd3+ 15.
Bxd3 exd3 16. Qb2 Bxc3 17. Qxc3 Be4 18. f3 Bc6 19. h4 Qd6 20. Kf2 Qxa3 21. Nh3
Qe7 22. Nf4 Qe5 23. Nxd3 Qd5 24. Ne1 Rad8 25. d4 h5 26. g5 Re6 27. Rh3 Qf5 28.
Rg3 Rde8 29. Ng2 Bd5 30. Qxc7 Bc6 31. Re1 Qc2+ 32. Re2 Qxb3 33. Qa5 Bb5 34. Qa2
Qc3 35. Qb2 Qc4 36. Re1 Ra6 37. Kg1 Ra2 38. Qb1 a5 39. Nf4 a4 40. Rg2 Rxg2+ 41.
Kxg2 Rc8 42. Qa1 Qc2+ 43. Kg3 Qd2 44. Rd1 Qxe3 45. Nd5 Qe6 46. Nf6+ Kf8 47. Qa3+
Kg7 48. Qb4 Bd7 0-1

[Event "ch-GBR KO 2018"]
[Site "London ENG"]
[Date "2018.12.17"]
[Round "4.4"]
[White "Adams, Michael"]
[Black "Howell, David W L"]
[Result "1/2-1/2"]
[WhiteTitle "GM"]
[BlackTitle "GM"]
[WhiteElo "2703"]
[BlackElo "2696"]
[WhiteFideId "400041"]
[BlackFideId "410608"]
[EventDate "2018.12.11"]

1. e4 c6 2. d4 d5 3. exd5 cxd5 4. Nf3 Nc6 5. Bb5 Nf6 6. Ne5 Bd7 7. Nxd7 Qxd7 8.
c3 e6 9. O-O Bd6 10. Nd2 O-O 11. Bd3 Qc7 12. g3 e5 13. dxe5 Nxe5 14. Nf3 Nxf3+
15. Qxf3 Rfe8 16. Be3 Bc5 17. Qf4 Qb6 18. Bxc5 Qxc5 19. Rad1 Qb6 20. Rd2 Re7 21.
Qb4 Qxb4 22. cxb4 Rc8 23. f3 Kf8 24. Kf2 h5 25. Bc2 Rc6 26. Bb3 Rb6 27. Rd4 Rbe6
28. Rd2 Rb6 29. Rd4 Rbe6 30. Rd2 1/2-1/2

[Event "ch-GBR KO 2018"]
[Site "London ENG"]
[Date "2018.12.17"]
[Round "4.5"]
[White "Jones, Gawain C B"]
[Black "McShane, Luke J"]
[Result "0-1"]
[WhiteTitle "GM"]
[BlackTitle "GM"]
[WhiteElo "2682"]
[BlackElo "2664"]
[WhiteFideId "409561"]
[BlackFideId "404853"]
[EventDate "2018.12.11"]

1. e4 c6 2. d4 d5 3. exd5 cxd5 4. c4 Nf6 5. Nc3 g6 6. cxd5 Bg7 7. Bb5+ Nbd7 8.
Nge2 O-O 9. Bxd7 Qxd7 10. Nf4 b6 11. O-O Bb7 12. Re1 Rfe8 13. Qb3 Rad8 14. Be3
Nxd5 15. Nfxd5 Bxd5 16. Nxd5 Qxd5 17. Red1 e6 18. Qa4 Rd7 19. Rac1 Red8 20. h3
Bf6 21. Rd2 Kg7 22. Rc3 Qe4 23. Rcd3 h5 24. Qd1 Rd5 25. f3 Qh4 26. Bf2 Qf4 27.
Be3 Qd6 28. f4 h4 29. Qf3 Rf5 30. Qb7 Rd7 31. Qe4 Qd5 32. Qxd5 Rfxd5 33. Kf2 e5
34. fxe5 Bxe5 35. Kg1 f5 36. Bf2 Bf6 37. Rc2 g5 38. Rc4 Kg6 39. a4 g4 40. Kf1 g3
41. Be3 Re7 42. Rc6 Re4 43. b4 f4 44. Bc1 Kf5 45. Bb2 Rd7 46. a5 Rde7 47. Rc1
Re2 48. axb6 Rxb2 49. bxa7 Rxa7 50. Rf3 Raa2 51. b5 Rxg2 52. b6 Rh2 53. Kg1
Rag2+ 54. Kf1 Rb2 0-1

[Event "ch-GBR KO 2018"]
[Site "London ENG"]
[Date "2018.12.17"]
[Round "4.6"]
[White "McShane, Luke J"]
[Black "Jones, Gawain C B"]
[Result "1-0"]
[WhiteTitle "GM"]
[BlackTitle "GM"]
[WhiteElo "2664"]
[BlackElo "2682"]
[WhiteFideId "404853"]
[BlackFideId "409561"]
[EventDate "2018.12.11"]

1. e4 c5 2. Nf3 d6 3. d4 cxd4 4. Nxd4 Nf6 5. f3 Nc6 6. c4 e6 7. Nc3 Be7 8. Be3
O-O 9. Be2 d5 10. exd5 exd5 11. c5 Re8 12. Qd2 Bxc5 13. Nxc6 Bxe3 14. Nxd8 Bxd2+
15. Kxd2 Rxd8 16. Rhd1 d4 17. Nb5 a6 18. Nc7 Rb8 19. Rdc1 d3 20. Bd1 Bf5 21. Rc5
Bg6 22. Rac1 h5 23. b4 Rd7 24. a4 Rbd8 25. b5 axb5 26. Nxb5 Nd5 27. Bb3 Nf4 28.
R1c4 Ne6 29. Re5 b6 30. Rc6 Nc5 31. Rexc5 bxc5 32. Rxg6 c4 33. Bxc4 Rc8 34. Bb3
Rc2+ 35. Bxc2 fxg6 36. Bxd3 Rd8 37. Kc3 Kf7 38. a5 Ra8 39. Kb4 Kf6 40. Be4 Ra6
41. Bb7 Re6 42. a6 Ke5 43. a7 Re8 44. a8=Q Rxa8 45. Bxa8 Kf4 46. Nd6 h4 47. Be4
g5 48. Bf5 Ke3 49. Bg4 Kf2 50. h3 1-0

[Event "ch-GBR KO 2018"]
[Site "London ENG"]
[Date "2018.12.17"]
[Round "4.7"]
[White "Jones, Gawain C B"]
[Black "McShane, Luke J"]
[Result "1-0"]
[WhiteTitle "GM"]
[BlackTitle "GM"]
[WhiteElo "2682"]
[BlackElo "2664"]
[WhiteFideId "409561"]
[BlackFideId "404853"]
[EventDate "2018.12.11"]

1. e4 c6 2. d4 d5 3. Nc3 dxe4 4. Nxe4 Nf6 5. Nxf6+ exf6 6. Bc4 Bd6 7. Qe2+ Be7
8. Nf3 Na6 9. O-O O-O 10. Re1 Bd6 11. h3 Nc7 12. Bd3 Re8 13. Qd1 Be6 14. c4 Qd7
15. Bd2 b5 16. b3 a5 17. Qc2 h6 18. Bf1 Bf5 19. Rxe8+ Rxe8 20. Qc3 Be4 21. Qxa5
Bxf3 22. gxf3 Ne6 23. Be3 Nf4 24. Bxf4 Bxf4 25. Re1 Rd8 26. Re4 Bc7 27. Qe1 f5
28. Re7 Qd6 29. Bg2 bxc4 30. bxc4 c5 31. d5 Ba5 32. Re8+ Kh7 33. Rxd8 Bxd8 34.
Qe8 Bf6 35. Qxf7 Qf4 36. Qe6 Bd4 37. Qe1 h5 38. a4 Bf6 39. a5 Qxc4 40. f4 Qa2
41. d6 c4 42. Bd5 Qa4 43. Qe6 c3 44. Qxf5+ Kh6 45. Be4 Qd1+ 46. Kh2 1-0